000 02702nam0a2200385 4500
001 RU\NLR\BIBL_A\012601938
005 20220112165319.0
010 _a978-5-9509-0393-9
_9100
021 _aRU
_bКН-П-21-033379
_9КН-П-21-2605
035 _a(NLR Aleph) 012601938
090 _a12584581
_c12584581
100 _a20210924d2020 k y0rusy50 ca
101 0 _arus
102 _aRU
105 _aa j 000zy
181 0 _ai
_baxxe
182 0 _an
200 1 _aМетоды исследования операций
_eучебное пособие
_fК. П. Голоскоков, В. В. Коротков, И. С. Шипунов
_gФедеральное агентство морского и речного транспорта, Федеральное государственное бюджетное образовательное учреждение высшего образования Государственный университет морского и речного флота имени адмирала С. О. Макарова, Институт водного транспорта, Кафедра комплексного обеспечения информационной безопасности
203 _aТекст
_bвизуальный
_cнепосредственный
210 _aСанкт-Петербург
_cИздательство ГУМРФ имени адмирала С. О. Макарова
_d2020
215 _a77, [3] с.
_cил.
_d21
300 _aПеред вып. дан. 1-2 авт.: Голоскоков Константин Петрович, д.т.н., доц., Коротков Виталий Валерьевич, ст. преп.
313 _aРекомендации решения задач ЛП с использованием пакета MS EXCEL.
320 _aБиблиогр. в конце кн. (7 назв.)
606 1 _aMICROSOFT EXCEL, электронные таблицы
_jУчебные издания для высших учебных заведений
_92071197
_3RU\NLR\AUTH\661245948
606 1 _aЛинейное программирование
_jУчебные издания для высших учебных заведений
_xЗадачи
_xРешение на компьютерах
_92115002
_3RU\NLR\AUTH\661581320
686 1 _aВ192.168с116я73-1
700 1 _aГолоскоков
_bК. П.
_gКонстантин Петрович
701 1 _aКоротков
_bВ. В.
_gВиталий Валерьевич
701 1 _aШипунов
_bИ. С.
_gИлья Сергеевич
942 _cBOOK
980 _aNBR
980 _aNB